A new agenda in critical discourse analysis
Guardat en:
| Autors principals: | , |
|---|---|
| Format: | Llibre |
| Idioma: | espanyol |
| Publicat: |
Amsterdam
John Benjamins Publishing
2005
|
| Col·lecció: | Discourse Approaches to Politics, Society and Culture, 13
|
| Matèries: | |
| Etiquetes: |
Afegir etiqueta
Sense etiquetes, Sigues el primer a etiquetar aquest registre!
|
MARC
| LEADER | 00000nam a2200000 a 4500 | ||
|---|---|---|---|
| 001 | UCI1936 | ||
| 003 | CL-VaPUC | ||
| 008 | 070727e20050000NE |||||||||||||||||spa|d | ||
| 020 | |a 9789027227157 | ||
| 082 | 0 | 4 | |a 401.41 |b WOD |2 21 |
| 100 | 0 | |a Wodak, Ruth |e author |9 522752 | |
| 700 | 0 | |a Chilton, Paul |e author |9 522753 | |
| 245 | 1 | 2 | |a A new agenda in critical discourse analysis |
| 300 | |a 320 p | ||
| 942 | |c BK | ||
| 945 | |d 20070727 00:00:00 |a rbrito | ||
| 260 | |a Amsterdam |b John Benjamins Publishing |c 2005 | ||
| 650 | 0 | |a Análisis del discurso |9 256696 | |
| 650 | 0 | |a Semiótica |9 265317 | |
| 650 | 0 | |a Sociología |9 255410 | |
| 650 | 0 | |a Discursos |9 265028 | |
| 650 | 0 | |a Comunicación |9 257251 | |
| 583 | |a last modification |c 20070727 00:00:00 |k Rodrigo Vera | ||
| 490 | 0 | |a Discourse Approaches to Politics, Society and Culture, 13 | |
| 999 | |c 326623 |d 326621 | ||
| 952 | |0 0 |1 0 |4 0 |6 401_410000000000000_WOD_2005 |7 0 |8 A |9 408647 |a FDOPOS |b FDOPOS |d 2019-11-22 |i 4359380 |o 401.41 WOD 2005 |p 4359380 |r 2025-01-22 |w 2019-11-22 |y BK |k MLA | ||